000 00354nam a2200145Ia 4500
005 20251222144808.0
008 251222s9999||||xx |||||||||||||| ||spa||
020 _a9788898433148
082 _a458/R25/T.II
100 _aRapacciuolo, Maria Angela
245 0 _aPreparazione al Celi
250 _a1ra.ed.
264 _bEdizioni Edilingua
942 _cLIB
999 _c19997
_d19997